banner koha

O sistema minirhizotron no estudo da dinâmica de raízes (Registro n. 296606)

MARC details
000 -LÍDER
campo de controle de tamanho fixo 01033nac a22003377a 4500
001 - NÚMERO DE CONTROLE
campo de controle BR0809515
003 - IDENTIFICADOR DO NÚMERO DE CONTROLE
campo de controle BR-BrBNA
005 - DATA E HORÁRIO DA ÚLTIMA TRANSAÇÃO
campo de controle 20240105123710.0
008 - CAMPO DE DADOS FIXOS--INFORMAÇÃO GERAL
campo de controle de tamanho fixo 230509b bl.|||m| |||| 00| 0 por d
040 ## - FONTE DA CATALOGAÇÃO
Instituição da catalogação original BR-BrBNA
Idioma da catalogação por
Instituição que transcreveu o registro Biblioteca Nacional de Agricultura
072 ## - CÓDIGO DE CATEGORIA DE ASSUNTO
Código de Categoria de Assunto p; P34
090 ## - NÚMERO DE CHAMADA LOCAL
Número de chamada p BR0809515
100 1# - ENTRADA PRINCIPAL--NOME PESSOAL
Nome pessoal Santos Junior, J. de D.G. dos
100 1# - ENTRADA PRINCIPAL--NOME PESSOAL
Nome pessoal Sá, M.A.C. de
100 1# - ENTRADA PRINCIPAL--NOME PESSOAL
Nome pessoal Ferreira, E.A.B.
100 1# - ENTRADA PRINCIPAL--NOME PESSOAL
Nome pessoal Resck, D.V.S.
100 1# - ENTRADA PRINCIPAL--NOME PESSOAL
Nome pessoal Lavres Júnior, J.
110 1# - ENTRADA PRINCIPAL--NOME CORPORATIVO
Nome corporativo ou nome da jurisdição EMBRAPA Cerrados, Planaltina, DF (Brasil)
245 1# - TÍTULO
Título O sistema minirhizotron no estudo da dinâmica de raízes
260 3# - PUBLICAÇÃO, DISTRIBUIÇÃO, ETC.
Local de publicação, distribuição, etc. Planaltina, DF (Brasil):
Data da publicação, distribuição, etc. 2007.
300 ## - DESCRIÇÃO FÍSICA
Extensão 24 p.
490 ## - TÍTULO DA SÉRIE
Título da série Documentos - EMBRAPA Cerrados (Brazil)
Número do volume ou designação sequencial da série no. 203
ISSN - International Standard Serial Number ISSN 1517-5111
500 ## - NOTA GERAL
Nota geral Summaries (En, Pt); 36 ref.
650 ## - ASSUNTO--TERMO TÓPICO
Cabeçalho tópico ou nome geográfico RAIZ
650 ## - ASSUNTO--TERMO TÓPICO
Cabeçalho tópico ou nome geográfico SISTEMA RADICULAR
650 ## - ASSUNTO--TERMO TÓPICO
Cabeçalho tópico ou nome geográfico MATÉRIA ORGÂNICA
650 ## - ASSUNTO--TERMO TÓPICO
Cabeçalho tópico ou nome geográfico FERTILIDADE DO SOLO
650 ## - ASSUNTO--TERMO TÓPICO
Cabeçalho tópico ou nome geográfico RIZOSFERA
909 ## -
-- 202312
-- Lúcia Elande
-- 55
-- Lúcia Elande
942 ## - ELEMENTOS DE ENTRADA ADICIONADOS (KOHA)
Fonte da classificação ou esquema de arquivamento na estante Classificação AGRIS
Ocultar no OPAC Não
Tipo de material Koha Monografia Seriada
Exemplares
Situação do descarte Fonte da classificação ou esquema de arquivamento na estante Situação física Não pode ser emprestado Coleção Biblioteca de origem Biblioteca atual Localização na estante Total de empréstimos Número de telefone completo Código de barras Data de último acesso Tipo de material Koha Fonte de aquisição
  Classificação AGRIS       Biblioteca Nacional de Agricultura - Binagri Biblioteca Nacional de Agricultura - Binagri Agrobase - Acervo Geral   p BR0809515 p BR0809515 18/12/2023 Monografia Seriada Portaria Interministerial nº 164/94

BINAGRI

Telefone: (61)3218-2567/2388/3357/2097 - binagri@agro.gov.br

Ministério da Agricultura e Pecuária , Esplanada dos Ministérios, Bloco D, Anexo B, Brasília/DF, CEP: 70.043-900